[Event "October Blitz"]
[Site "SchemingMind.com"]
[Date "2014.10.01"]
[Round "-"]
[White "Stephen Woodhouse"]
[Black "xarxziux"]
[Result "1-0"]
[WhiteCountry "ENG"]
[BlackCountry "IRL"]
[WhiteElo "1835"]
[WhiteRD "49"]
[BlackElo "1877"]
[BlackRD "62"]
[GameID "366273"]

1. e4 d6 2. d4 Nf6 3. Nc3 e5 4. Nf3 Nbd7 5. Bc4 Be7 6. O-O O-O 7. Re1 c6 8. h3 b5 9. Bd3 b4 10. Ne2 a5
11. c3 Ba6 12. Bg5 Ne8 13. Bxe7 Qxe7 14. Bxa6 Rxa6 15. Qd3 Rb6 16. Rad1 Nef6 17. Ng3 g6 18. c4 Rd8 19. dxe5 Nxe5 20. Nxe5 Qxe5
21. Qd4 Qxd4 22. Rxd4 Rb7 23. Red1 Rbd7 24. f4 Kf8 25. Kf2 Ke7 26. Kf3 h5 27. Nf1 Ne8 28. g4 hxg4+ 29. hxg4 f6 30. Ne3 Ng7
31. f5 gxf5 32. exf5 Rh8 33. Ng2 Rh3+ 34. Ke4 Rg3 35. Ne3 Rh3 36. Kf4 Ne8 37. R1d3 Rh2 38. Rd2 Rxd2 39. Rxd2 Nc7 40. g5 fxg5+
41. Kxg5 d5 42. cxd5 cxd5 43. Kg6 d4 44. f6+ Ke6 45. Nf5 d3 46. Ng7+ Ke5 47. f7 Rd8 48. Rxd3 Rxd3 49. f8=Q
1-0

[Event "October Blitz"]
[Site "SchemingMind.com"]
[Date "2014.10.01"]
[Round "-"]
[White "xarxziux"]
[Black "Stephen Woodhouse"]
[Result "1-0"]
[WhiteCountry "IRL"]
[BlackCountry "ENG"]
[WhiteElo "1975"]
[WhiteRD "68"]
[BlackElo "1811"]
[BlackRD "48"]
[GameID "366274"]

1. Nf3 e6 2. d4 f5 3. g3 Nf6 4. Bg2 d5 5. O-O Bd6 6. c4 c6 7. b3 Qe7 8. Bb2 O-O 9. Ne5 Nbd7 10. Nd2 Ne4
11. Ndf3 Nxe5 12. Nxe5 Bxe5 13. dxe5 Ng5 14. h4 Nf7 15. cxd5 cxd5 16. a4 Bd7 17. Ba3 Qd8 18. Bxf8 Qxf8 19. Qd4 b6 20. Rfc1 Rc8
21. a5 g5 22. axb6 axb6 23. hxg5 Nxg5 24. Qxb6
1-0

[Event "October Blitz"]
[Site "SchemingMind.com"]
[Date "2014.10.01"]
[Round "-"]
[White "Stephen Woodhouse"]
[Black "Ramesh Panwar"]
[Result "0-1"]
[WhiteCountry "ENG"]
[BlackCountry "IND"]
[WhiteElo "1811"]
[WhiteRD "48"]
[BlackElo "2162"]
[BlackRD "60"]
[GameID "366299"]

1. e4 e5 2. Nf3 Nc6 3. d4 exd4 4. Nxd4 Nf6 5. Nc3 Bb4 6. Nxc6 bxc6 7. Bd3 O-O 8. O-O Re8 9. Bg5 h6 10. Bh4 Rb8
11. Qf3 Bd6 12. Nd1 Be5 13. c3 d5 14. exd5 cxd5 15. Rb1 g5 16. Bg3 g4 17. Qe3 Bxg3 18. Qxg3 Nh5 19. Bh7+ Kxh7 20. Qd3+ Kg8
21. Ne3 Nf4
0-1

[Event "October Blitz"]
[Site "SchemingMind.com"]
[Date "2014.10.01"]
[Round "-"]
[White "Ramesh Panwar"]
[Black "Stephen Woodhouse"]
[Result "1-0"]
[WhiteCountry "IND"]
[BlackCountry "ENG"]
[WhiteElo "2162"]
[WhiteRD "60"]
[BlackElo "1811"]
[BlackRD "48"]
[GameID "366300"]

1. c4 e6 2. Nc3 f5 3. d4 Nf6 4. Nf3 d5 5. Bg5 c6 6. e3 Be7 7. Be2 O-O 8. O-O Bd7 9. Qb3 Qb6 10. Qc2 Qd8
11. c5 Ne4 12. Bxe7 Qxe7 13. Nxe4 fxe4 14. Ne5 Be8 15. Qb3 Bg6 16. f3 exf3 17. Rxf3 Rxf3 18. Bxf3 a5 19. Rf1 Na6 20. Bg4 Rf8
21. Rxf8+ Kxf8 22. Qb6 a4 23. Be2 Nb8 24. Qa7 Qc7 25. Qxb8+ Qxb8 26. Nd7+ Ke7 27. Nxb8 Kd8 28. Bg4 Bf5 29. Bxf5 exf5 30. Kf2 Kc7
31. Nxc6 Kxc6 32. Kf3 Kb5 33. Kf4 Kc4 34. Kxf5 Kd3 35. Ke5 Kc2 36. e4 dxe4 37. Kxe4 Kxb2 38. d5 Kxa2 39. d6 Kb2 40. d7 a3
41. d8=Q a2 42. Qd2+ Kb1 43. Kd3
1-0

[Event "October Blitz"]
[Site "SchemingMind.com"]
[Date "2014.10.01"]
[Round "-"]
[White "xarxziux"]
[Black "Ramesh Panwar"]
[Result "0-1"]
[WhiteCountry "IRL"]
[BlackCountry "IND"]
[WhiteElo "1877"]
[WhiteRD "62"]
[BlackElo "2207"]
[BlackRD "52"]
[GameID "366301"]

1. d4 d5 2. c4 e6 3. Nf3 Nf6 4. g3 dxc4 5. Bg2 c5 6. O-O Nc6 7. Qa4 Bd7 8. Qxc4 b5 9. Qd3 Rc8 10. dxc5 Bxc5
11. Nc3 O-O 12. Bg5 Nb4 13. Bxf6 gxf6 14. Qd2 Bc6 15. Qh6 Qe7 16. a3 Na6 17. e3 b4 18. Ne2 bxa3 19. Nf4 Nc7 20. bxa3 Rfd8
21. Rfc1 Ne8 22. Nh5 Bd5 23. Rc3 Bd4 24. Rxc8 Bxa1 25. Rxd8 Qxd8 26. Qf4 Qa5 27. Qg4+ Kf8 28. Qb4+ Qxb4 29. axb4 Bc3 30. b5 Nd6
31. Nd4 Bxg2 32. Kxg2 Bxd4 33. exd4 Ke7 34. b6 axb6 35. Kf3 b5 36. Ke3 b4 37. Kd3 f5 38. Nf4 Ne4 39. Kc4 Nxf2 40. Kxb4 Kd6
41. Kc4 Ng4 42. h4 Nf2 43. Nh5 h6
0-1

[Event "October Blitz"]
[Site "SchemingMind.com"]
[Date "2014.10.01"]
[Round "-"]
[White "Ramesh Panwar"]
[Black "xarxziux"]
[Result "1-0"]
[WhiteCountry "IND"]
[BlackCountry "IRL"]
[WhiteElo "2162"]
[WhiteRD "60"]
[BlackElo "1975"]
[BlackRD "68"]
[GameID "366302"]

1. g3 d5 2. d4 g6 3. Nf3 Bg7 4. c4 c6 5. Nc3 dxc4 6. e4 Bg4 7. Bxc4 Nf6 8. Bxf7+ Kxf7 9. Ne5+ Ke8 10. Nxg4 Nxg4
11. Qxg4 Bxd4 12. O-O Rf8 13. Be3 Bxe3 14. fxe3 Nd7 15. Qe6 Nf6 16. e5 Qd7 17. Qb3 Ng4 18. Rad1 Rxf1+ 19. Rxf1 e6 20. Ne4 Qe7
21. Nd6+ Kd8 22. Rf7
1-0

[Event "October Blitz"]
[Site "SchemingMind.com"]
[Date "2014.10.05"]
[Round "-"]
[White "michel"]
[Black "Stephen Woodhouse"]
[Result "1-0"]
[WhiteCountry "CAN"]
[BlackCountry "ENG"]
[WhiteElo "2334"]
[WhiteRD "60"]
[BlackElo "1811"]
[BlackRD "48"]
[GameID "366532"]

1. e4 e6 2. d4 d5 3. Nc3 Nf6 4. Bg5 dxe4 5. Nxe4 Be7 6. Bxf6 Bxf6 7. Nf3 O-O 8. Qd2 Nd7 9. O-O-O b6 10. Qf4 Bb7
11. Ne5 Be7 12. Bb5 Nf6 13. Bc6 Bxc6 14. Nxc6 Qd6 15. Nxd6
1-0

[Event "October Blitz"]
[Site "SchemingMind.com"]
[Date "2014.10.05"]
[Round "-"]
[White "Stephen Woodhouse"]
[Black "michel"]
[Result "0-1"]
[WhiteCountry "ENG"]
[BlackCountry "CAN"]
[WhiteElo "1811"]
[WhiteRD "48"]
[BlackElo "2334"]
[BlackRD "60"]
[GameID "366533"]

1. e4 Nf6 2. Nc3 d6 3. d4 e5 4. Nf3 Nbd7 5. Bc4 Be7 6. O-O O-O 7. Re1 c6 8. a4 b6 9. d5 cxd5 10. Nxd5 Bb7
11. Bg5 Rc8 12. b3 Nxd5 13. Bxd5 Bxd5 14. Bxe7 Qxe7 15. Qxd5 Rxc2 16. Qb7 Qd8 17. Qxa7 Qc8 18. a5 Rc7 19. axb6 Rxa7 20. bxa7 Nb6
21. Rec1 Qb7 22. Rc2 Ra8 23. Rca2 Nc8 24. Nd2 Rxa7
0-1

[Event "October Blitz"]
[Site "SchemingMind.com"]
[Date "2014.10.06"]
[Round "-"]
[White "michel"]
[Black "xarxziux"]
[Result "1-0"]
[WhiteCountry "CAN"]
[BlackCountry "IRL"]
[WhiteElo "2340"]
[WhiteRD "61"]
[BlackElo "1877"]
[BlackRD "62"]
[GameID "366534"]

1. e4 d6 2. d4 Nf6 3. Nc3 e5 4. Nf3 Nbd7 5. g4 Nxg4 6. Rg1 Ngf6 7. Bc4 h6 8. Be3 c6 9. dxe5 dxe5 10. Qd3 b5
11. Bb3 Qa5 12. O-O-O Ba6 13. Nd2 b4 14. Nc4 Bxc4 15. Qxc4 bxc3 16. Qxf7+ Kd8 17. Be6 Be7 18. Qxg7 Re8 19. Rxd7+ Nxd7 20. Rd1 cxb2+
21. Kb1 Qc7 22. Rxd7+ Qxd7 23. Bxd7 Kxd7 24. Qxe5 Bg5 25. Qf5+ Kc7 26. f4 Be7 27. Qf7 Rad8 28. Bxa7 Kc8 29. Bb6 Rd1+ 30. Kxb2
1-0

[Event "October Blitz"]
[Site "SchemingMind.com"]
[Date "2014.10.05"]
[Round "-"]
[White "xarxziux"]
[Black "michel"]
[Result "0-1"]
[WhiteCountry "IRL"]
[BlackCountry "CAN"]
[WhiteElo "1877"]
[WhiteRD "62"]
[BlackElo "2340"]
[BlackRD "61"]
[GameID "366535"]

1. Nf3 Nc6 2. d4 d5 3. c4 Bg4 4. Nc3 e6 5. cxd5 exd5 6. Bf4 Bd6 7. Bg3 Bxg3 8. hxg3 Nf6 9. e3 O-O 10. Be2 Re8
11. O-O a6 12. Nd2 Bxe2 13. Nxe2 Na7 14. Rc1 c6 15. b4 Qe7 16. Qb3 Nb5 17. a4 Nd6 18. a5 g5 19. Nc3 Kg7 20. Rfe1 h5
21. f3 Nf5 22. Nf1 Qd6 23. Kf2 Qe6 24. Na4 Nd6 25. Nc5 Qf5 26. Kg1 Re7 27. Qd3 Qxd3 28. Nxd3 Rae8 29. Ne5 Nb5 30. Kf2 Ng8
0-1

[Event "October Blitz"]
[Site "SchemingMind.com"]
[Date "2014.10.06"]
[Round "-"]
[White "michel"]
[Black "Ramesh Panwar"]
[Result "1-0"]
[WhiteCountry "CAN"]
[BlackCountry "IND"]
[WhiteElo "2334"]
[WhiteRD "60"]
[BlackElo "2162"]
[BlackRD "60"]
[GameID "366536"]

1. e4 e5 2. Nf3 Nc6 3. d4 exd4 4. Nxd4 Nf6 5. Nxc6 bxc6 6. e5 Qe7 7. Qe2 Nd5 8. c4 Ba6 9. b3 Qh4 10. a3 Bc5
11. g3 Bxf2+ 12. Qxf2 Qe4+ 13. Kd1 Qxh1 14. Nd2 Nc3+ 15. Kc2 Ne4 16. Nxe4 Qxe4+ 17. Bd3 Qg4 18. Bf5 Qh5 19. h4 f6 20. exf6 gxf6
21. Bb2 O-O 22. g4 Qf7 23. Rg1 Rab8 24. Qf4 Qe7 25. Rg2 Rf7 26. g5 Rg7 27. Rd2 fxg5 28. hxg5 Rf8 29. Bf6 Qf7 30. Rxd7 Qxd7
31. Bxd7 Rxd7 32. Qh4 Bc8 33. g6 h6 34. g7 Rxg7 35. Bxg7 Kxg7 36. Qg3+ Kf6 37. Qxc7 Bf5+ 38. Kc3
1-0

[Event "October Blitz"]
[Site "SchemingMind.com"]
[Date "2014.10.06"]
[Round "-"]
[White "Ramesh Panwar"]
[Black "michel"]
[Result "1/2-1/2"]
[WhiteCountry "IND"]
[BlackCountry "CAN"]
[WhiteElo "2162"]
[WhiteRD "60"]
[BlackElo "2334"]
[BlackRD "60"]
[GameID "366537"]

1. e4 d6 2. d4 Nf6 3. Nc3 e5 4. dxe5 dxe5 5. Qxd8+ Kxd8 6. Nf3 Bd6 7. Bc4 Ke8 8. Be3 Nbd7 9. O-O a6 10. a4 h6
11. a5 Nf8 12. Rfd1 Be6 13. Be2 N8d7 14. Ne1 g5 15. Nd3 Kf8 16. h3 Kg7 17. Bf3 Rad8 18. b4 Rhe8 19. Rab1 b5 20. Ne2 Nf8
21. Ng3 Ng6 22. Bd2 Nf4 23. Bc3 Bc8 24. Ba1 Nxd3 25. cxd3 Kg6 26. Rdc1 h5 27. Rc6 g4 28. hxg4 hxg4 29. Be2 Bb7 30. Rc2 Rc8
31. Nf5 Bf8 32. Rbc1 Bxb4 33. Rxc7 Nd5 34. Rxc8 Rxc8 35. Rxc8 Bxc8 36. Bxg4 Kg5 37. Ne3 Bxg4 38. Nxd5 Bxa5 39. Bxe5 Be2 40. Bf4+ Kg6
41. Be3 Kg7 42. Nf4 Bd1 43. Kf1 Kf8 44. Bc5+ Ke8 45. Nd5 Kd7=
1/2-1/2

[Event "October Blitz"]
[Site "SchemingMind.com"]
[Date "2014.10.06"]
[Round "-"]
[White "michel"]
[Black "David Perna-Fraser"]
[Result "1/2-1/2"]
[WhiteCountry "CAN"]
[BlackCountry "CAN"]
[WhiteElo "2334"]
[WhiteRD "60"]
[BlackElo "2156"]
[BlackRD "66"]
[GameID "366556"]

1. e4 e5 2. Nf3 Nf6 3. d4 Nxe4 4. Bd3 d5 5. Nxe5 Nd7 6. Nxd7 Bxd7 7. O-O Bd6 8. c4 c6 9. cxd5 cxd5 10. Nc3 Nxc3
11. bxc3 O-O 12. Qh5 g6 13. Qxd5 Qc7 14. Bh6 Rfd8 15. h4 Be6 16. Qg5=
1/2-1/2

[Event "October Blitz"]
[Site "SchemingMind.com"]
[Date "2014.10.06"]
[Round "-"]
[White "David Perna-Fraser"]
[Black "michel"]
[Result "1/2-1/2"]
[WhiteCountry "CAN"]
[BlackCountry "CAN"]
[WhiteElo "2156"]
[WhiteRD "66"]
[BlackElo "2334"]
[BlackRD "60"]
[GameID "366557"]

1. d4 Nf6 2. c4 c5 3. d5 b5 4. cxb5 a6 5. bxa6 g6 6. Nc3 Bxa6 7. Nf3 d6 8. Nd2 Bg7 9. e4 Bxf1 10. Nxf1 Qa5
11. Bd2 Nbd7 12. Ne3 O-O 13. O-O Qa6 14. Qc2 c4 15. a4 Nc5 16. a5 Rab8 17. Rfb1 Rfc8 18. h3 Nfd7 19. Ra3 Rb3 20. Na4 Rxa3
21. bxa3 Nb3 22. Nb6 Nxd2 23. Qxd2 c3 24. Qc2 Nxb6 25. axb6 Qxa3 26. b7 Rb8 27. Qb3 Qa6 28. Qb5 Qa2 29. Qb3 Qa7 30. Nc2 h5
31. Qb6 Qa2 32. Qb3 Qa7=
1/2-1/2

[Event "October Blitz"]
[Site "SchemingMind.com"]
[Date "2014.10.06"]
[Round "-"]
[White "Stephen Woodhouse"]
[Black "David Perna-Fraser"]
[Result "0-1"]
[WhiteCountry "ENG"]
[BlackCountry "CAN"]
[WhiteElo "1811"]
[WhiteRD "48"]
[BlackElo "2156"]
[BlackRD "66"]
[GameID "366558"]

1. e4 e5 2. Nf3 Nf6 3. Nxe5 d6 4. Nf3 Nxe4 5. d4 d5 6. Bd3 Bd6 7. O-O O-O 8. c4 c6 9. Nc3 Nxc3 10. bxc3 dxc4
11. Bxc4 Bg4 12. Qd3 Nd7 13. Ng5 Nf6 14. h3 Bh5 15. f4 h6 16. g4 hxg5 17. fxg5 Nxg4 18. hxg4 Qd7 19. gxh5 Qg4+ 20. Kf2 b5
21. Bb3 Rae8 22. Rg1 Qh4+ 23. Kg2 Qh2+ 24. Kf1 Bf4 25. Qf3 Re1+ 26. Kxe1 Qxg1+ 27. Ke2 Bxc1 28. Rxc1 Qxc1 29. g6 Re8+ 30. Kd3 Qb1+
31. Kd2 Qe1+ 32. Kd3 Re7 33. Bxf7+ Kh8 34. Bb3 Re8 35. h6 Qb1+ 36. Bc2 Qxa2 37. hxg7+ Kxg7 38. Qxc6 Qe6 39. Qxe6= Rxe6 40. Kd2 a5
41. Bd3 Rb6 42. Kc2 b4 43. c4 a4 44. c5 Rf6 45. d5 Rf2+ 46. Kc1 a3 47. Bc4 a2 48. Bxa2 Rxa2 49. d6 Ra5
0-1

[Event "October Blitz"]
[Site "SchemingMind.com"]
[Date "2014.10.06"]
[Round "-"]
[White "David Perna-Fraser"]
[Black "Stephen Woodhouse"]
[Result "1-0"]
[WhiteCountry "CAN"]
[BlackCountry "ENG"]
[WhiteElo "2156"]
[WhiteRD "66"]
[BlackElo "1811"]
[BlackRD "48"]
[GameID "366559"]

1. f4 e6 2. Nf3 f5 3. b3 Nf6 4. Bb2 b6 5. e3 Bb7 6. Be2 Be7 7. O-O O-O 8. Qe1 Qe8 9. Nc3 Ne4 10. Nxe4 Bxe4
11. Ng5 Bb7 12. Qg3 Qg6 13. h4 Bf6 14. h5 Qe8 15. Bxf6 Rxf6 16. b4 d6 17. a4 Nd7 18. a5 bxa5 19. Rxa5 e5 20. fxe5 Nxe5
21. d4 Ng4 22. Bc4+ Kh8 23. Nf7+ Rxf7 24. Bxf7 Qxf7 25. Qxg4 Be4 26. Qe2 c6 27. Rfa1 g5 28. c4 d5 29. b5 cxb5 30. cxb5 f4
31. b6 f3 32. gxf3 Bxf3 33. Rxa7 Rxa7 34. bxa7
1-0

[Event "October Blitz"]
[Site "SchemingMind.com"]
[Date "2014.10.06"]
[Round "-"]
[White "xarxziux"]
[Black "David Perna-Fraser"]
[Result "0-1"]
[WhiteCountry "IRL"]
[BlackCountry "CAN"]
[WhiteElo "1877"]
[WhiteRD "62"]
[BlackElo "2203"]
[BlackRD "58"]
[GameID "366560"]

1. Nf3 f5 2. g3 Nf6 3. Bg2 e6 4. O-O Be7 5. c4 O-O 6. d4 Ne4 7. Qc2 d6 8. Nc3 Nxc3 9. bxc3 Nd7 10. e4 fxe4
11. Qxe4 Nf6 12. Qe2 c6 13. Ng5 e5 14. dxe5 dxe5 15. h4 Qa5 16. Bd2 h6 17. Ne4 Bf5 18. Rfd1 Nxe4 19. Bxe4 Bc5 20. Be1 Bxe4
21. Qxe4 Qb6 22. Qe2 Qc7 23. Kg2 Rf7 24. Rd3 Raf8 25. Rad1 Bxf2 26. Bxf2 Rxf2+ 27. Qxf2 Rxf2+ 28. Kxf2 Qf7+ 29. Kg2 Qxc4 30. R1d2 e4
31. Re3 h5
0-1

[Event "October Blitz"]
[Site "SchemingMind.com"]
[Date "2014.10.06"]
[Round "-"]
[White "David Perna-Fraser"]
[Black "xarxziux"]
[Result "1-0"]
[WhiteCountry "CAN"]
[BlackCountry "IRL"]
[WhiteElo "2203"]
[WhiteRD "58"]
[BlackElo "1877"]
[BlackRD "62"]
[GameID "366561"]

1. d4 d6 2. e4 Nf6 3. Nc3 e5 4. Nf3 Nbd7 5. Bc4 Be7 6. O-O O-O 7. a4 c6 8. a5 Rb8 9. h3 b5 10. axb6 axb6
11. Be3 b5 12. Bd3 b4 13. Ne2 Qc7 14. Ng3 exd4 15. Nxd4 Nc5 16. Ngf5 Bxf5 17. Nxf5 Ncxe4 18. Bxe4 Nxe4 19. Qg4 Bf6 20. Qxe4 d5
21. Qg4 Bxb2 22. Ra7 Rb7 23. Rxb7 Qxb7 24. Bh6
1-0

[Event "October Blitz"]
[Site "SchemingMind.com"]
[Date "2014.10.06"]
[Round "-"]
[White "David Perna-Fraser"]
[Black "Ramesh Panwar"]
[Result "1/2-1/2"]
[WhiteCountry "CAN"]
[BlackCountry "IND"]
[WhiteElo "2156"]
[WhiteRD "66"]
[BlackElo "2162"]
[BlackRD "60"]
[GameID "366562"]

1. e4 e5 2. Nf3 Nc6 3. Bc4 Nf6 4. Ng5 d5 5. exd5 Na5 6. Bb5+ c6 7. dxc6 bxc6 8. Qf3 Be7 9. Bxc6+ Nxc6 10. Qxc6+ Bd7
11. Qf3 O-O 12. Nc3 Ng4 13. h3 Nxf2 14. Qxf2 Bxg5 15. O-O Bh4 16. Qc5 Qe7 17. Qxe7 Bxe7 18. Re1 Bc5+ 19. Kh1 f6 20. Ne4 Be7
21. b3 Rac8 22. c4 Rfd8 23. Bb2 Bc6 24. Bc3 Rd3 25. Nf2 Rg3 26. Ne4 Rd3 27. Nf2=
1/2-1/2

[Event "October Blitz"]
[Site "SchemingMind.com"]
[Date "2014.10.06"]
[Round "-"]
[White "Ramesh Panwar"]
[Black "David Perna-Fraser"]
[Result "1/2-1/2"]
[WhiteCountry "IND"]
[BlackCountry "CAN"]
[WhiteElo "2162"]
[WhiteRD "60"]
[BlackElo "2156"]
[BlackRD "66"]
[GameID "366563"]

1. d4 f5 2. Nc3 Nf6 3. Bg5 e6 4. e4 fxe4 5. Nxe4 Be7 6. Bxf6 Bxf6 7. Qh5+ g6 8. Qh6 b6 9. Nf3 Bb7 10. Bd3 Bxe4
11. Bxe4 d5 12. Bd3 Qd6 13. O-O-O Nc6 14. Ba6 Nb4 15. Bb5+ c6 16. Be2 c5 17. Bb5+ Kf7 18. a3 a6 19. Ba4 b5 20. axb4 c4
21. Rhe1 bxa4 22. Ne5+ Bxe5 23. Rxe5 Rae8 24. Qd2 Rb8 25. Rde1 Rhe8 26. Qh6 Kg8 27. Qd2 Rxb4 28. Rxe6 Rxe6 29. Rxe6 Qxe6 30. Qxb4 Qe4
31. Qb8+ Kf7 32. Qb7+=
1/2-1/2

[Event "October Blitz"]
[Site "SchemingMind.com"]
[Date "2014.10.07"]
[Round "-"]
[White "John Hamer"]
[Black "michel"]
[Result "0-1"]
[WhiteCountry "ENG"]
[BlackCountry "CAN"]
[WhiteElo "2064"]
[WhiteRD "57"]
[BlackElo "2334"]
[BlackRD "60"]
[GameID "366621"]

1. d4 Nf6 2. c4 c5 3. Nf3 cxd4 4. Nxd4 e5 5. Nb5 d5 6. cxd5 Bc5 7. N5c3 O-O 8. e3 Qe7 9. a3 e4 10. Nd2 Rd8
11. b4 Bd6 12. Bb2 Be5 13. Qb3 a5 14. Bc4 Nbd7 15. O-O axb4 16. Qxb4 Bd6 17. Qb5 Nc5 18. h3 b6 19. Rfb1 Ba6 20. Qb4 Qe5
21. g3 Nd3 22. Ncxe4 Nxe4 23. Bxd3 Bxb4
0-1

[Event "October Blitz"]
[Site "SchemingMind.com"]
[Date "2014.10.07"]
[Round "-"]
[White "michel"]
[Black "John Hamer"]
[Result "1-0"]
[WhiteCountry "CAN"]
[BlackCountry "ENG"]
[WhiteElo "2334"]
[WhiteRD "60"]
[BlackElo "2064"]
[BlackRD "57"]
[GameID "366622"]

1. e4 c6 2. d4 d5 3. e5 Bf5 4. Nf3 e6 5. Be2 Ne7 6. O-O Nd7 7. Nh4 Bg6 8. Nd2 c5 9. c3 Nc6 10. Nxg6 hxg6
11. Nf3 Be7 12. g3 cxd4 13. cxd4 Qb6 14. h4 O-O 15. a3 a5 16. Qd3 Rac8 17. Kg2 a4 18. Bd2 Rc7 19. Bc3 Rfc8 20. Rh1 Na5
21. h5 Nb3 22. Rae1 Nf8 23. hxg6 Nxg6 24. Rh2 Bxa3 25. Ng5 Be7 26. Rh8+ Kxh8 27. Nxf7+ Kg8 28. Qxg6 Bh4 29. Nd6
1-0

[Event "October Blitz"]
[Site "SchemingMind.com"]
[Date "2014.10.07"]
[Round "-"]
[White "John Hamer"]
[Black "Stephen Woodhouse"]
[Result "1-0"]
[WhiteCountry "ENG"]
[BlackCountry "ENG"]
[WhiteElo "2064"]
[WhiteRD "57"]
[BlackElo "1811"]
[BlackRD "48"]
[GameID "366623"]

1. c4 e6 2. d4 f5 3. Nc3 Nf6 4. Nf3 b6 5. e3 Bb7 6. Be2 Bb4 7. Qb3 Qe7 8. O-O Bxc3 9. Qxc3 O-O 10. Ne5 Ne4
11. Qc2 d6 12. Nd3 Nd7 13. b4 e5 14. c5 Ba6 15. c6 Ndf6 16. b5 Bc8 17. f3 Ng5 18. dxe5 dxe5 19. Qb3+ Be6 20. Qc3 e4
21. Nf4 Bf7 22. Ba3 Qe8 23. Bxf8 Qxf8 24. Rfd1 Rd8 25. Qe5 exf3 26. gxf3 Rxd1+ 27. Rxd1 Nh5 28. Nxh5 Bxh5 29. Qxc7
1-0

[Event "October Blitz"]
[Site "SchemingMind.com"]
[Date "2014.10.07"]
[Round "-"]
[White "Stephen Woodhouse"]
[Black "John Hamer"]
[Result "0-1"]
[WhiteCountry "ENG"]
[BlackCountry "ENG"]
[WhiteElo "1811"]
[WhiteRD "48"]
[BlackElo "2064"]
[BlackRD "57"]
[GameID "366624"]

1. e4 e5 2. Nf3 Nc6 3. d4 exd4 4. Nxd4 Bc5 5. Be3 Qf6 6. c3 Nge7 7. Bc4 Ne5 8. Be2 Qg6 9. O-O d5 10. Bh5 Qxe4
11. Nd2 Qd3 12. N4f3 Bxe3 13. Nxe5 Qxd2 14. Qa4+ c6 15. Nxf7 O-O 16. fxe3 Qxe3+ 17. Kh1 g6 18. Nd6 Rxf1+ 19. Rxf1 gxh5 20. Qh4 Bg4
21. Qf6 Qe6 22. Qg5+ Ng6 23. Nxb7 Rb8 24. Nc5 Qe2 25. Kg1 Rxb2
0-1

[Event "October Blitz"]
[Site "SchemingMind.com"]
[Date "2014.10.07"]
[Round "-"]
[White "John Hamer"]
[Black "xarxziux"]
[Result "1-0"]
[WhiteCountry "ENG"]
[BlackCountry "IRL"]
[WhiteElo "2039"]
[WhiteRD "55"]
[BlackElo "1877"]
[BlackRD "62"]
[GameID "366625"]

1. d4 d6 2. Nf3 Nf6 3. c4 Nbd7 4. Nc3 e5 5. e4 Be7 6. Be2 O-O 7. O-O c6 8. h3 a6 9. Be3 b5 10. a3 Re8
11. Qc2 Bb7 12. Rfd1 Qb8 13. Rac1 Bf8 14. d5 cxd5 15. cxd5 Rc8 16. b4 Qc7 17. Qb3 Qd8 18. Rc2 Nb6 19. Nd2 Nfd7 20. Bg4 Nc4
21. Nxc4 Rxc4 22. Be2 Rcc8 23. Bf3 Nb6 24. Bg4 Rc4 25. Rcc1 g6 26. a4 bxa4 27. Nxa4 Rxc1 28. Rxc1 Nxa4 29. Qxa4 h5 30. Bd7 Be7
31. Bc6 Qb8 32. Qa5 Bd8 33. Qa3 Bxc6 34. dxc6
1-0

[Event "October Blitz"]
[Site "SchemingMind.com"]
[Date "2014.10.07"]
[Round "-"]
[White "xarxziux"]
[Black "John Hamer"]
[Result "0-1"]
[WhiteCountry "IRL"]
[BlackCountry "ENG"]
[WhiteElo "1877"]
[WhiteRD "62"]
[BlackElo "2039"]
[BlackRD "55"]
[GameID "366626"]

1. Nf3 d5 2. g3 Nf6 3. Bg2 g6 4. O-O Bg7 5. d4 O-O 6. c4 c6 7. b3 Bf5 8. Bb2 Nbd7 9. Nbd2 Ne4 10. Nh4 Nxd2
11. Qxd2 Be6 12. e4 dxe4 13. Bxe4 a5 14. f4 Nf6 15. Bg2 Qd7 16. Rad1 Bg4 17. Bf3 a4 18. b4 b5 19. cxb5 cxb5 20. d5 Rfd8
21. Bxg4 Qxg4 22. Qg2 Rac8 23. Bxf6 Bxf6 24. Nf3 Rc4 25. Ne5 Bxe5 26. fxe5 Rxb4 27. d6 Rd4 28. Qf2 Rxd1 29. Qxf7+ Kh8 30. dxe7 Rxf1+
31. Kxf1 Rd1+ 32. Kf2 Rd2+ 33. Kg1 Qd4+
0-1

[Event "October Blitz"]
[Site "SchemingMind.com"]
[Date "2014.10.07"]
[Round "-"]
[White "John Hamer"]
[Black "David Perna-Fraser"]
[Result "1/2-1/2"]
[WhiteCountry "ENG"]
[BlackCountry "CAN"]
[WhiteElo "2064"]
[WhiteRD "57"]
[BlackElo "2156"]
[BlackRD "66"]
[GameID "366627"]

1. c4 e5 2. Nc3 Nf6 3. Nf3 Nc6 4. d4 exd4 5. Nxd4 Bb4 6. Bg5 h6 7. Bh4 O-O 8. e3 Re8 9. Be2 g5 10. Bg3 Ne4
11. Nxc6 bxc6 12. Qc2 Bxc3+ 13. bxc3 Rb8 14. Bd3 Nxg3 15. hxg3 Qf6 16. O-O d6 17. Rab1 Be6 18. Rfc1=
1/2-1/2

[Event "October Blitz"]
[Site "SchemingMind.com"]
[Date "2014.10.07"]
[Round "-"]
[White "David Perna-Fraser"]
[Black "John Hamer"]
[Result "1/2-1/2"]
[WhiteCountry "CAN"]
[BlackCountry "ENG"]
[WhiteElo "2156"]
[WhiteRD "66"]
[BlackElo "2064"]
[BlackRD "57"]
[GameID "366628"]

1. f4 d5 2. Nf3 Nf6 3. b3 e6 4. Bb2 Bd6 5. e3 O-O 6. Be2 c5 7. O-O Nc6 8. Ne5 Qc7 9. Nxc6 Qxc6 10. Bxf6 gxf6
11. Qe1 e5 12. Qg3+ Kh8 13. Qh4 Bc7 14. Nc3 e4 15. Bb5 Qe6 16. Be2 Rg8 17. Kh1 f5 18. Rad1 Bd7 19. Bb5 Bc8 20. Be2 d4
21. Na4 Qd6 22. Nb2 Be6 23. Qf6+ Rg7 24. Bc4 Bd8 25. Qh6 Rg6 26. Qh5 Bf6 27. Bxe6 Qxe6 28. Nc4 Rag8 29. g3 Rg4 30. a4 d3
31. cxd3 exd3 32. Qh3 b6 33. Qg2 h5 34. Qb7 R8g6 35. e4 h4 36. Ne3 hxg3 37. exf5 Qxf5 38. Nxf5 g2+ 39. Qxg2 Rxg2 40. Ng3 Re2
41. Rf3 Bh4 42. Nf5 Bf2 43. Rxd3 Kh7 44. Rh3+ Kg8 45. Rd3 Kh7 46. Rh3+=
1/2-1/2

[Event "October Blitz"]
[Site "SchemingMind.com"]
[Date "2014.10.07"]
[Round "-"]
[White "John Hamer"]
[Black "Ramesh Panwar"]
[Result "1/2-1/2"]
[WhiteCountry "ENG"]
[BlackCountry "IND"]
[WhiteElo "2064"]
[WhiteRD "57"]
[BlackElo "2162"]
[BlackRD "60"]
[GameID "366629"]

1. e4 e5 2. Nf3 Nc6 3. Bc4 Nf6 4. Ng5 d5 5. exd5 Na5 6. Bb5+ c6 7. dxc6 bxc6 8. Qf3 Be7 9. Bd3 O-O 10. Nc3 h6
11. Nge4 Nd5 12. Ng3 Nb4 13. Nf5 Nxd3+ 14. Qxd3 Bg5 15. Qe4 Qd7 16. Ne3 Qd4 17. d3 f5 18. Qf3 f4 19. Ned1 Bf5 20. O-O Rad8
21. Re1 c5 22. b3 Qd7 23. Nb2 Rfe8 24. Nba4 Bg4 25. Qe4 Qc8 26. f3 Bf5 27. Qe2 Bh4 28. Rf1 Nc6 29. Ba3 c4 30. bxc4 Nd4
31. Qd1 Nxc2 32. Qxc2 Bxd3 33. Qb2 Bxf1 34. Rxf1 Qxc4 35. Bc5 Rd3 36. Bxa7 Rc8 37. Rc1 e4 38. Qb1 exf3 39. Nb2 Qc7 40. Nxd3 Qxa7+
41. Kh1 Qe3 42. Qb7=
1/2-1/2

[Event "October Blitz"]
[Site "SchemingMind.com"]
[Date "2014.10.07"]
[Round "-"]
[White "Ramesh Panwar"]
[Black "John Hamer"]
[Result "1-0"]
[WhiteCountry "IND"]
[BlackCountry "ENG"]
[WhiteElo "2162"]
[WhiteRD "60"]
[BlackElo "2064"]
[BlackRD "57"]
[GameID "366630"]

1. d4 b6 2. e4 Bb7 3. Nc3 e6 4. Nf3 Nf6 5. Bd3 Bb4 6. Qe2 d5 7. exd5 Nxd5 8. Bd2 Nxc3 9. bxc3 Be7 10. Bb5+ c6
11. Bd3 O-O 12. Qe4 g6 13. h4 Nd7 14. h5 Nf6 15. Qe3 Nxh5 16. Qh6 f5 17. g4 Nf6 18. gxf5 Qd5 19. Ne5 Bd6 20. fxg6 Bxe5
21. Rg1
1-0